| 000 | 00383nam a2200157 4500 | ||
|---|---|---|---|
| 001 | 46160 | ||
| 090 | _a46160 | ||
| 100 | _a20260601 pory50 | ||
| 101 | _apor | ||
| 102 | _aPT | ||
| 200 |
_aIniciação ao Atletismo _fDirecção Geral dos Desportos |
||
| 210 |
_a[Lisboa] _cMinistério da Educação _d[19--?] |
||
| 215 | _a71 p. | ||
| 675 | _a796.42 | ||
| 801 |
_aPT _gRPC |
||
| 990 | _cLIVROS | ||